000 00648cam a22001931 4500
001 sa 64000775
003 DLC
005 20260227111958.0
008 920618s1960 ii a 000 0 eng
010 _asa 64000775
035 _a(OCoLC)28302689
040 _aDLC
_cPU
_dDLC
050 0 0 _aDS485.M34
_bA49
110 1 _aMaharashtra (India).
_bDirectorate of Publicity.
245 1 0 _aMaharashtra state is launched ;
_ban artist's review of the events that marked the formation of the state, April 27-May 1, 1960.
260 _aBombay
_c[1960]
300 _a87 p. (chiefly illus.)
_c24 cm.
651 0 _aMaharashtra (India)
_xHistory
_vPictorial works.
999 _c56404
_d56404